[Event "EU-chT Seniors 15th"]
[Site "Dresden"]
[Date "2013.07.23"]
[Round "4"]
[White "Bondick, Karl Heinz"]
[Black "Lie, Terje"]
[Result "1-0"]
[WhiteElo "2082"]
[BlackElo "1596"]
[EventDate "2013.07.20"]
[PlyCount "121"]

1.d4 Nf6 2.c4 e6 3.Bg5 Be7 4.Nf3 O-O 5.Nc3 h6 6.Bxf6 Bxf6 7.e4 d6 8.e5 Be7
9.Bd3 d5 10.O-O dxc4 11.Bxc4 Nd7 12.Qe2 Nb6 13.Bd3 Nd5 14.Qe4 g6 15.h4 Qe8
16.h5 Kg7 17.g3 f5 18.exf6+ Bxf6 19.Ne5 Ne7 20.Ne2 Bxe5 21.dxe5 Qf7 22.Nf4
Qf5 23.hxg6 Nd5 24.Ng2 Qxe4 25.Bxe4 Bd7 26.Rad1 Rad8 27.Rd4 Bc8 28.Rfd1 
Rd7 29.Nf4 Re7 30.Nh5+ Kg8 31.Kg2 Bd7 32.Rh1 Be8 33.Bb1 Rg7 34.Rxd5 exd5 
35.Nf6+ Rxf6 36.exf6 Rxg6 37.Bxg6 Bxg6 38.Rxh6 Kf7 39.Kf3 Kxf6 40.Rh8 Ke5 
41.Ke3 d4+ 42.Ke2 d3+ 43.Ke3 c5 44.Rg8 Bf5 45.Rg7 b5 46.Rxa7 Kd5 47.Rf7 
Bg6 48.Rg7 d2 49.Kxd2 Bb1 50.a3 Kc4 51.Rb7 Be4 52.Rb8 Bf3 53.Rf8 Bc6 54.g4
b4 55.axb4 cxb4 56.Rc8 Kd5 57.Rxc6 Kxc6 58.Kd3 Kd5 59.f4 b3 60.g5 Ke6 61.
Ke4 1-0

[Event "EU-chT Seniors 15th"]
[Site "Dresden"]
[Date "2013.07.23"]
[Round "4"]
[White "Johannsen, Bjorn"]
[Black "Werchan, Hans"]
[Result "0-1"]
[WhiteElo "1705"]
[BlackElo "2141"]
[EventDate "2013.07.20"]
[PlyCount "94"]

1.e4 c5 2.c4 g6 3.Nc3 Bg7 4.Nf3 Nc6 5.Be2 e6 6.O-O d6 7.a3 Nge7 8.d3 O-O 
9.Bg5 h6 10.Be3 Nd4 11.Bxd4 cxd4 12.Na2 a5 13.b4 b6 14.Qd2 d5 15.exd5 exd5
16.c5 bxc5 17.bxc5 Nc6 18.Rab1 Re8 19.Bd1 Bd7 20.Ba4 Ne5 21.Bxd7 Nxf3+ 22.
gxf3 Qxd7 23.Qf4 Re5 24.Kh1 Rh5 25.Qg4 Qc7 26.f4 Qxc5 27.Qd7 Qxa3 28.Nc1 
Bf8 29.Rb7 Rf5 30.Rg1 Kh7 31.Qe6 Qd6 32.Rxf7+ Rxf7 33.Qxf7+ Bg7 34.f5 g5 
35.Re1 Rf8 36.Qe6 Qxe6 37.fxe6 Bf6 38.Nb3 a4 39.Nc5 Be7 40.Nxa4 Rb8 41.Re2
Kg6 42.Kg2 Kf6 43.Kf3 Rb3 44.Nb2 Ba3 45.Na4 Rxd3+ 46.Kg4 Kg6 47.e7 h5# 0-1

[Event "EU-chT Seniors 15th"]
[Site "Dresden"]
[Date "2013.07.23"]
[Round "4"]
[White "Tveten, Per"]
[Black "Andreas, Guenter"]
[Result "0-1"]
[WhiteElo "1593"]
[BlackElo "2000"]
[EventDate "2013.07.20"]
[PlyCount "76"]

1.e4 e5 2.Nf3 Nc6 3.Bc4 Bc5 4.d3 Nf6 5.Nc3 h6 6.O-O d6 7.h3 Na5 8.Bb3 c6 
9.Na4 Bb6 10.c4 Nxb3 11.Nxb6 axb6 12.Qxb3 Be6 13.Qc3 O-O 14.b3 Ra5 15.Nd2 
d5 16.f4 exf4 17.Rxf4 d4 18.Qc2 c5 19.a4 Nh5 20.Rf3 g5 21.Nf1 Qd6 22.Qf2 
b5 23.Ng3 Nxg3 24.Rxg3 Qe5 25.Bd2 Raa8 26.Qf3 bxa4 27.bxa4 Bd7 28.Qh5 Qxg3
29.Qxh6 Ra6 30.Qh5 Rg6 31.Ra3 Kg7 32.a5 Rh8 33.Qf3 Qxf3 34.gxf3 Rxh3 35.
Kg2 Rf6 36.Bxg5 Rfxf3 37.Be7 Rhg3+ 38.Kh2 Rg6 0-1

[Event "EU-chT Seniors 15th"]
[Site "Dresden"]
[Date "2013.07.23"]
[Round "4"]
[White "Van Duijn, Roel"]
[Black "Detter, Peter"]
[Result "0-1"]
[WhiteElo "2021"]
[BlackElo "2086"]
[EventDate "2013.07.20"]
[PlyCount "96"]

1.e4 c5 2.a3 Nf6 3.e5 Nd5 4.c4 Nc7 5.d4 cxd4 6.Qxd4 Nc6 7.Qe3 d5 8.exd6 
Qxd6 9.Nf3 Bg4 10.Be2 g6 11.O-O Bg7 12.Nc3 O-O 13.Bd2 Rad8 14.Ne4 Qe6 15.
Nfg5 Qc8 16.Bxg4 Qxg4 17.h3 Qf5 18.g4 Qc8 19.Bc3 Bxc3 20.Nxc3 Ne6 21.Rad1 
Nxg5 22.Qxg5 Qe6 23.Nd5 f6 24.Qf4 Qe5 25.Qxe5 Nxe5 26.b3 Kf7 27.f4 Nc6 28.
g5 h6 29.b4 hxg5 30.fxg5 f5 31.Rfe1 e6 32.Nf4 e5 33.Nd5 e4 34.Rc1 Ne5 35.
Red1 Nf3+ 36.Kf2 Nxg5 37.Kg3 Rh8 38.h4 Nf3 39.Rh1 Ne5 40.Rc3 Nxc4 41.Rxc4 
Rxd5 42.Rc7+ Kf6 43.Rxb7 Rd3+ 44.Kf2 Rxa3 45.b5 Ra2+ 46.Ke3 Rd8 47.Kf4 Rd3
48.Rf1 Rg2 0-1

[Event "EU-chT Seniors 15th"]
[Site "Dresden"]
[Date "2013.07.23"]
[Round "4"]
[White "Van Geffen, Ben"]
[Black "Gneiss, Karl"]
[Result "1/2-1/2"]
[WhiteElo "2096"]
[BlackElo "2134"]
[EventDate "2013.07.20"]
[PlyCount "82"]

1.e4 c5 2.Nf3 g6 3.d4 cxd4 4.Nxd4 Bg7 5.Nc3 Nc6 6.Be3 Nf6 7.Bc4 O-O 8.Bb3 
d6 9.f3 Qa5 10.Qd2 Bd7 11.O-O-O Nxd4 12.Bxd4 Be6 13.Kb1 Bxb3 14.cxb3 Rfc8 
15.Bxf6 Bxf6 16.Nd5 Qxd2 17.Nxf6+ exf6 18.Rxd2 Rc6 19.Rc1 Rac8 20.Rcd1 Rd8
21.Rc1 Kf8 22.Rc3 Ke7 23.Kc2 Ke6 24.Kd3 f5 25.exf5+ Kxf5 26.Re2 Kf6 27.Kd4
Rdc8 28.Kd5 Rc5+ 29.Kd4 a5 30.Rec2 b6 31.Re2 Re5 32.Rd2 Rcc5 33.Rxc5 Rxc5 
34.Re2 h5 35.Kd3 g5 36.Re8 h4 37.Rb8 b5 38.a3 Rd5+ 39.Ke3 Re5+ 40.Kd2 Rd5+
41.Ke2 Rc5 1/2-1/2

[Event "EU-chT Seniors 15th"]
[Site "Dresden"]
[Date "2013.07.23"]
[Round "4"]
[White "Gross, Werner"]
[Black "Pedersen, Sven"]
[Result "1/2-1/2"]
[WhiteElo "2223"]
[BlackElo "2225"]
[EventDate "2013.07.20"]
[PlyCount "35"]

1.c4 e5 2.Nc3 Nc6 3.g3 g6 4.Bg2 Bg7 5.e4 d6 6.Nge2 Nh6 7.O-O O-O 8.d3 f5 
9.Rb1 Nd4 10.Nxd4 exd4 11.Ne2 Qf6 12.Nf4 c6 13.b4 Nf7 14.Bb2 Nd8 15.a4 Ne6
16.Nxe6 Bxe6 17.f4 Qf7 18.Qd2 1/2-1/2

[Event "EU-chT Seniors 15th"]
[Site "Dresden"]
[Date "2013.07.23"]
[Round "4"]
[White "Holst, Per"]
[Black "Kurka, Dieter"]
[Result "1/2-1/2"]
[WhiteElo "2118"]
[BlackElo "2069"]
[EventDate "2013.07.20"]
[PlyCount "39"]

1.d4 d5 2.c4 e6 3.Nc3 Nf6 4.cxd5 exd5 5.Bg5 Be7 6.Qc2 Nbd7 7.e3 O-O 8.Bd3 
Re8 9.Nge2 Nf8 10.O-O Be6 11.Rad1 Rc8 12.Qa4 Qd7 13.Qc2 Ne4 14.Bxe7 Nxc3 
15.Qxc3 Qxe7 16.b4 Qg5 17.Kh1 Bf5 18.Nf4 Ng6 19.Nxg6 Qxg6 20.Bxf5 1/2-1/2

[Event "EU-chT Seniors 15th"]
[Site "Dresden"]
[Date "2013.07.23"]
[Round "4"]
[White "Harestad, Thor Geir"]
[Black "Ghijsen, Pim"]
[Result "1-0"]
[WhiteElo "2199"]
[BlackElo "2187"]
[EventDate "2013.07.20"]
[PlyCount "27"]

1.d4 d5 2.c4 c6 3.Nc3 Nf6 4.cxd5 cxd5 5.Bf4 Nc6 6.e3 e6 7.Bd3 Bd6 8.Bxd6 
Qxd6 9.f4 O-O 10.Nf3 Nb4 11.Bb1 Qa6 12.a3 Bd7 13.axb4 Qxa1 14.Bxh7+ 1-0

[Event "EU-chT Seniors 15th"]
[Site "Dresden"]
[Date "2013.07.23"]
[Round "4"]
[White "Lindner, Jan Joost"]
[Black "Ofstad, Per"]
[Result "1-0"]
[WhiteElo "2157"]
[BlackElo "2173"]
[EventDate "2013.07.20"]
[PlyCount "64"]

1.f4 d5 2.Nf3 Nf6 3.e3 Bg4 4.Be2 Bxf3 5.Bxf3 e6 6.O-O c6 7.d3 Nbd7 8.e4 
dxe4 9.dxe4 e5 10.Qe1 Qb6+ 11.Kh1 h5 12.Nd2 O-O-O 13.Nc4 Qd4 14.Qe2 b5 15.
Na5 Qb6 16.Nb3 Qc7 17.a4 b4 18.f5 Be7 19.Be3 Ng4 20.Bxg4 hxg4 21.Qa6+ Qb7 
22.Qc4 c5 23.a5 a6 24.Rfd1 g3 25.h3 Rh4 26.Rd5 Nf6 27.Nxc5 Rxd5 28.Nxb7+ 
Kxb7 29.Bb6 Rd2 30.Re1 Nd5 31.Bc5 Bd8 32.Rd1 Nf6 1-0

[Event "EU-chT Seniors 15th"]
[Site "Dresden"]
[Date "2013.07.23"]
[Round "4"]
[White "Van Dongen, Rob"]
[Black "Hjertenes, Oystein"]
[Result "1/2-1/2"]
[WhiteElo "1986"]
[BlackElo "2096"]
[EventDate "2013.07.20"]
[PlyCount "53"]

1.d4 g6 2.c4 Bg7 3.Nc3 d6 4.e4 Nd7 5.Be2 e5 6.d5 f6 7.Be3 Nh6 8.Qd2 Nf7 9.
h4 h5 10.Rc1 Bh6 11.b4 Bxe3 12.Qxe3 f5 13.g3 Nf6 14.f3 a6 15.Nh3 Qe7 16.
Ng5 Bd7 17.O-O b6 18.Kg2 Kf8 19.Bd3 Re8 20.Nxf7 Kxf7 21.c5 dxc5 22.bxc5 
Qxc5 23.Qxc5 bxc5 24.Bxa6 Ra8 25.Bc4 Ke7 26.Rb1 Rhb8 27.Kf2 1/2-1/2

[Event "EU-chT Seniors 15th"]
[Site "Dresden"]
[Date "2013.07.23"]
[Round "4"]
[White "Birkestrand, Odd Helge"]
[Black "Rantanen, Veikko"]
[Result "0-1"]
[WhiteElo "1819"]
[BlackElo "1917"]
[EventDate "2013.07.20"]
[PlyCount "50"]

1.e4 e6 2.d4 d5 3.e5 c5 4.c3 Nc6 5.Nf3 Qb6 6.Bd3 Bd7 7.dxc5 Bxc5 8.O-O Qc7
9.b4 Be7 10.Bf4 a6 11.a4 Qd8 12.Na3 f6 13.b5 Nxe5 14.Bxe5 fxe5 15.Nxe5 Nf6
16.Nxd7 Qxd7 17.Qe2 O-O 18.Rfe1 Bxa3 19.Rxa3 Rfe8 20.bxa6 bxa6 21.Bxa6 Qd6
22.Bb7 Qxa3 23.Bxa8 Rxa8 24.Qxe6+ Kh8 25.g4 Qxa4 0-1

[Event "EU-chT Seniors 15th"]
[Site "Dresden"]
[Date "2013.07.23"]
[Round "4"]
[White "Nilsen, Kai"]
[Black "Alkkiomaki, Jyrki"]
[Result "1/2-1/2"]
[WhiteElo "1885"]
[BlackElo "1977"]
[EventDate "2013.07.20"]
[PlyCount "29"]

1.e4 e5 2.Nf3 Nc6 3.d4 exd4 4.Nxd4 Bc5 5.Be3 Qf6 6.c3 Nge7 7.Qd2 a6 8.Nf5 
Bxe3 9.Nxe3 d6 10.Bc4 O-O 11.Na3 Qe5 12.f3 b5 13.Bd5 Bb7 14.Nac2 Rab8 15.
a3 1/2-1/2

[Event "EU-chT Seniors 15th"]
[Site "Dresden"]
[Date "2013.07.23"]
[Round "4"]
[White "Palmo, Pentti"]
[Black "Wicklund Hansen, Richard"]
[Result "1-0"]
[WhiteElo "2034"]
[BlackElo "1864"]
[EventDate "2013.07.20"]
[PlyCount "33"]

1.d4 g6 2.e4 Bg7 3.Nf3 d6 4.c4 Nf6 5.Nc3 Bg4 6.Be2 Nbd7 7.O-O O-O 8.Be3 c5
9.d5 Ne8 10.Qd2 Bxf3 11.Bxf3 Ne5 12.Be2 Nf6 13.Bh6 Qd7 14.Bxg7 Kxg7 15.h3 
e6 16.f4 exd5 17.fxe5 1-0

[Event "EU-chT Seniors 15th"]
[Site "Dresden"]
[Date "2013.07.23"]
[Round "4"]
[White "Ranki, Martti"]
[Black "Kverndal, Leif"]
[Result "1-0"]
[WhiteElo "1925"]
[BlackElo "1843"]
[EventDate "2013.07.20"]
[PlyCount "69"]

1.e4 c5 2.Nf3 e6 3.d4 cxd4 4.Nxd4 Bc5 5.Nc3 Nc6 6.Be3 Qb6 7.Ncb5 Nxd4 8.
Bxd4 Bxd4 9.Qxd4 Qxd4 10.Nxd4 Ne7 11.O-O-O O-O 12.Nb5 f5 13.f3 d5 14.Nc7 
Rb8 15.exd5 Nxd5 16.Nxd5 exd5 17.Rxd5 Be6 18.Re5 Rf6 19.b3 Kf8 20.Bd3 g6 
21.Rhe1 Bf7 22.Kd2 f4 23.h4 h5 24.Re7 a5 25.a4 b6 26.Rd7 Re8 27.Rxe8+ Bxe8
28.Rc7 Rd6 29.Rc4 Rf6 30.Kc3 Ke7 31.Kd4 Kd6 32.Rc8 Bf7 33.Rb8 Kc7 34.Rf8 
Kd6 35.Bc4 1-0

[Event "EU-chT Seniors 15th"]
[Site "Dresden"]
[Date "2013.07.23"]
[Round "4"]
[White "Karasev, Vladimir"]
[Black "Pushkov, Nikolai"]
[Result "1/2-1/2"]
[WhiteElo "2363"]
[BlackElo "2396"]
[EventDate "2013.07.20"]
[PlyCount "81"]

1.Nf3 Nf6 2.c4 e6 3.g3 d5 4.Bg2 dxc4 5.Qa4+ Nbd7 6.Qxc4 c5 7.O-O a6 8.Qc2 
b6 9.b3 Bb7 10.Bb2 Be7 11.d3 O-O 12.Nbd2 Rc8 13.a3 Qc7 14.Rac1 Rfd8 15.Qb1
Qb8 16.Qa1 Ne8 17.Rc2 Bf6 18.Rfc1 Bxb2 19.Qxb2 Nd6 20.Nc4 Nf5 21.Ncd2 h6 
22.b4 cxb4 23.axb4 Rxc2 24.Rxc2 Rc8 25.Nc4 Bxf3 26.Bxf3 b5 27.Nd2 Rxc2 28.
Qxc2 Nd4 29.Qc3 Qd6 30.e3 Nxf3+ 31.Nxf3 f6 32.h4 Kf7 33.e4 Nb6 34.d4 Nc4 
35.Nd2 Qc6 36.Nxc4 bxc4 37.f3 f5 38.Kf2 fxe4 39.fxe4 Qxe4 40.Qxc4 Kg6 41.
Qxa6 1/2-1/2

[Event "EU-chT Seniors 15th"]
[Site "Dresden"]
[Date "2013.07.23"]
[Round "4"]
[White "Turikov, Viktor"]
[Black "Chernikov, Oleg"]
[Result "1/2-1/2"]
[WhiteElo "2269"]
[BlackElo "2406"]
[EventDate "2013.07.20"]
[PlyCount "67"]

1.d4 d5 2.Nc3 Nf6 3.Bg5 Nbd7 4.Nf3 c5 5.e3 e6 6.Be2 Be7 7.O-O O-O 8.h3 b6 
9.Bf4 Bb7 10.a3 a6 11.Ne5 b5 12.Nxd7 Nxd7 13.Bf3 cxd4 14.exd4 Nb6 15.b3 
Rc8 16.Ne2 a5 17.Qd2 Nd7 18.Rfc1 b4 19.axb4 axb4 20.Ra2 Qb6 21.Rca1 Ra8 
22.Be3 Rxa2 23.Rxa2 Ra8 24.Rxa8+ Bxa8 25.Nf4 Bb7 26.Be2 Ba6 27.Nd3 Nb8 28.
Ne5 Bxe2 29.Qxe2 Nc6 30.Nxc6 Qxc6 31.Qd3 f5 32.g4 g6 33.Kg2 Bd6 34.f4 
1/2-1/2

[Event "EU-chT Seniors 15th"]
[Site "Dresden"]
[Date "2013.07.23"]
[Round "4"]
[White "Vasiukov, Evgeny"]
[Black "Faibisovich, Vadim"]
[Result "1-0"]
[WhiteElo "2461"]
[BlackElo "2348"]
[EventDate "2013.07.20"]
[PlyCount "71"]

1.e4 e5 2.Bc4 Nf6 3.d3 Nc6 4.Nf3 Be7 5.O-O O-O 6.c3 d6 7.Bb3 a5 8.Nbd2 Be6
9.Ba4 Nd7 10.Re1 Nc5 11.Bxc6 bxc6 12.Nb3 Nd7 13.d4 a4 14.Nbd2 Bf6 15.h3 
Re8 16.Nf1 d5 17.Ng3 dxe4 18.Nxe4 Bd5 19.Qc2 exd4 20.Bf4 c5 21.cxd4 Bxd4 
22.Nxd4 cxd4 23.Bxc7 Qh4 24.Ng3 Re6 25.Qd2 g6 26.Bf4 Qf6 27.Bg5 Rxe1+ 28.
Rxe1 Qb6 29.Ne2 Re8 30.Bh6 Bxa2 31.Nxd4 Rd8 32.Qe3 f6 33.Qe7 Bf7 34.Ne6 
Re8 35.Qxd7 Qxb2 36.Rc1 1-0

[Event "EU-chT Seniors 15th"]
[Site "Dresden"]
[Date "2013.07.23"]
[Round "4"]
[White "Fatalibekova, Elena"]
[Black "Wahlbom, Magnus"]
[Result "0-1"]
[WhiteElo "2272"]
[BlackElo "2284"]
[EventDate "2013.07.20"]
[PlyCount "58"]

1.e4 c5 2.Nf3 d6 3.d4 cxd4 4.Nxd4 Nf6 5.Nc3 a6 6.Bg5 e6 7.f4 Nbd7 8.Qf3 
Qc7 9.O-O-O Be7 10.g4 b5 11.Bxf6 Nxf6 12.g5 Nd7 13.Rg1 b4 14.Nce2 Bb7 15.
Ng3 g6 16.Kb1 Nc5 17.Bd3 e5 18.Nde2 Nxd3 19.cxd3 O-O 20.h4 exf4 21.Nxf4 
Rac8 22.Qe2 b3 23.axb3 Qb6 24.h5 Qxb3 25.Qh2 Rc5 26.hxg6 fxg6 27.Rh1 Rxf4 
28.Qxh7+ Kf8 29.Qxg6 Qc2+ 0-1

[Event "EU-chT Seniors 15th"]
[Site "Dresden"]
[Date "2013.07.23"]
[Round "4"]
[White "Malmdin, Nils Ake"]
[Black "Saunina, Ludmila"]
[Result "1/2-1/2"]
[WhiteElo "2242"]
[BlackElo "2208"]
[EventDate "2013.07.20"]
[PlyCount "52"]

1.e4 e6 2.d3 d5 3.Nd2 c5 4.g3 Nc6 5.Bg2 g6 6.Ngf3 Bg7 7.O-O Nge7 8.Re1 b6 
9.c3 Bb7 10.Qe2 h6 11.h4 d4 12.c4 e5 13.Nf1 O-O 14.N3h2 Bc8 15.a3 a5 16.
Bd2 a4 17.f4 Qd6 18.Rab1 Kh7 19.b3 axb3 20.Rxb3 Na5 21.Rbb1 Ra6 22.Bc1 
Nac6 23.Nf3 Bd7 24.N1h2 Re8 25.Qf2 Rf8 26.Qe2 Re8 1/2-1/2

[Event "EU-chT Seniors 15th"]
[Site "Dresden"]
[Date "2013.07.23"]
[Round "4"]
[White "Titorenko, Natalia I"]
[Black "Svensson, Leif"]
[Result "1-0"]
[WhiteElo "2164"]
[BlackElo "2120"]
[EventDate "2013.07.20"]
[PlyCount "103"]

1.d4 d5 2.c4 e5 3.dxe5 d4 4.Nf3 Nc6 5.g3 Nge7 6.Na3 Ng6 7.Nc2 Ngxe5 8.Nxe5
Nxe5 9.Qxd4 Bb4+ 10.Bd2 Qxd4 11.Nxd4 Bxd2+ 12.Kxd2 Nxc4+ 13.Kc3 Nd6 14.Bg2
O-O 15.e4 c5 16.Nb3 Be6 17.a4 Rac8 18.e5 Nc4 19.Rhe1 Rfd8 20.Bxb7 Rb8 21.
Nxc5 Na5 22.Nxe6 fxe6 23.Ba6 Rb6 24.Bb5 Rc8+ 25.Kb4 Nc6+ 26.Ka3 Nd4 27.
Rac1 Rcb8 28.Re4 Nxb5+ 29.axb5 Rxb5 30.b4 a5 31.Rcc4 axb4+ 32.Rxb4 Ra8+ 
33.Kb3 Rba5 34.Re2 Ra3+ 35.Kc4 Rc8+ 36.Kd4 Rd8+ 37.Ke4 Rda8 38.Kf4 h6 39.
h4 Rf8+ 40.Kg4 Rf5 41.Rb6 h5+ 42.Kh3 Kf7 43.Kg2 g5 44.Rb7+ Kf8 45.hxg5 
Rxg5 46.Rc2 Ra8 47.f4 Rg6 48.Kh3 Kg8 49.Rc3 Rg4 50.Re7 Rg6 51.Rc6 h4 52.
Kxh4 1-0

[Event "EU-chT Seniors 15th"]
[Site "Dresden"]
[Date "2013.07.23"]
[Round "4"]
[White "Dawson, Alastair"]
[Black "Pitzl, Konstantinos"]
[Result "1/2-1/2"]
[WhiteElo "1900"]
[BlackElo "2055"]
[EventDate "2013.07.20"]
[PlyCount "73"]

1.d4 Nf6 2.Nf3 g6 3.Nc3 Bg7 4.e4 d6 5.h3 O-O 6.Be3 c6 7.a4 a5 8.Be2 Qc7 9.
O-O Nbd7 10.Nd2 b6 11.f4 e5 12.dxe5 dxe5 13.Nc4 Ba6 14.Nxe5 Bxe2 15.Qxe2 
Nxe5 16.fxe5 Qxe5 17.Bxb6 Rab8 18.Qe3 Nd5 19.exd5 cxd5 20.Qxe5 Bxe5 21.
Bxa5 Rxb2 22.Nxd5 Rxc2 23.Rac1 Ra2 24.Bc3 Bxc3 25.Nxc3 Ra3 26.Nb5 Rxa4 27.
Rc7 Ra6 28.Rd1 Rb6 29.Nc3 h6 30.Rdd7 Kg7 31.Ne4 Re6 32.Re7 Rxe7 33.Rxe7 
Rd8 34.Kf2 Rd5 35.Ke3 Rd1 36.Ke2 Rd5 37.Ke3 1/2-1/2

[Event "EU-chT Seniors 15th"]
[Site "Dresden"]
[Date "2013.07.23"]
[Round "4"]
[White "Kratschmer, Heinz"]
[Black "Marks, Ian"]
[Result "1/2-1/2"]
[WhiteElo "2139"]
[BlackElo "1981"]
[EventDate "2013.07.20"]
[PlyCount "48"]

1.d4 Nf6 2.Nf3 c5 3.e3 b6 4.Bd3 Bb7 5.O-O g6 6.c4 cxd4 7.exd4 d5 8.Nc3 Bg7
9.cxd5 Nxd5 10.Bb5+ Bc6 11.Qa4 Qd7 12.Nxd5 Qxd5 13.Bxc6+ Nxc6 14.Be3 O-O 
15.Rfd1 Rfd8 16.Rac1 Rac8 17.Kf1 Na5 18.Rc3 Rxc3 19.bxc3 Qc4+ 20.Qxc4 Nxc4
21.Ke2 Rd5 22.Nd2 Nxe3 23.fxe3 Ra5 24.Ra1 f5 1/2-1/2

[Event "EU-chT Seniors 15th"]
[Site "Dresden"]
[Date "2013.07.23"]
[Round "4"]
[White "Raj, Bhopal"]
[Black "Nickl, Klaus"]
[Result "0-1"]
[WhiteElo "2077"]
[BlackElo "2101"]
[EventDate "2013.07.20"]
[PlyCount "146"]

1.d4 Nf6 2.Bf4 d5 3.e3 c5 4.c3 Nc6 5.Nd2 Bf5 6.Qb3 Qb6 7.dxc5 Qxb3 8.axb3 
e5 9.Bg3 Bxc5 10.b4 Bd6 11.b5 Ne7 12.Ngf3 Nd7 13.Be2 Nc8 14.O-O f6 15.c4 
dxc4 16.Bxc4 Ndb6 17.Be2 Bb4 18.Rfd1 Nd6 19.Rac1 Rc8 20.Rxc8+ Nbxc8 21.Ne1
Bd7 22.Nc2 Bxd2 23.Rxd2 Bxb5 24.Bg4 h5 25.Bxc8 Nxc8 26.f3 Ke7 27.Nb4 Nb6 
28.Nd5+ Nxd5 29.Rxd5 Bc6 30.Ra5 Rd8 31.Be1 a6 32.Kf2 Rd1 33.Rc5 Ke6 34.Rc2
g5 35.Bc3 Ba4 36.Rd2 Rc1 37.g3 g4 38.Re2 gxf3 39.Re1 Bd1 40.Bd2 Rb1 41.e4 
a5 42.Ke3 a4 43.Bc3 b5 44.Rf1 b4 45.Bxb4 Rxb2 46.Rxd1 Rxb4 47.Kxf3 Rb3+ 
48.Ke2 Rb2+ 49.Ke3 a3 50.h4 a2 51.Ra1 Kd6 52.Kf3 Rb3+ 53.Kf2 Ra3 54.Kg2 
Kc5 55.g4 hxg4 56.h5 Kd4 57.h6 Rh3 58.Rxa2 Kxe4 59.Rf2 Rxh6 60.Kg3 f5 61.
Re2+ Kd5 62.Ra2 Rh3+ 63.Kg2 Rc3 64.Ra5+ Kd4 65.Ra4+ Rc4 66.Ra1 f4 67.Rd1+ 
Ke4 68.Re1+ Kf5 69.Ra1 Rc2+ 70.Kg1 g3 71.Ra5 f3 72.Ra1 Rh2 73.Ra3 f2+ 0-1

[Event "EU-chT Seniors 15th"]
[Site "Dresden"]
[Date "2013.07.23"]
[Round "4"]
[White "Watzka, Horst"]
[Black "Giulian, Philip"]
[Result "1/2-1/2"]
[WhiteElo "2273"]
[BlackElo "2230"]
[EventDate "2013.07.20"]
[PlyCount "29"]

1.e4 d6 2.d4 Nf6 3.Nc3 g6 4.f4 Bg7 5.Nf3 O-O 6.e5 dxe5 7.dxe5 Qxd1+ 8.Kxd1
Nh5 9.Ke1 Nc6 10.Be3 Bg4 11.Kf2 f6 12.Bc4+ Kh8 13.e6 Na5 14.Bd3 Bxe6 15.
Nd4 1/2-1/2

[Event "EU-chT Seniors 15th"]
[Site "Dresden"]
[Date "2013.07.23"]
[Round "4"]
[White "Hedin, Gunnar"]
[Black "Nagorni, Walter"]
[Result "0-1"]
[WhiteElo "2117"]
[BlackElo "2061"]
[EventDate "2013.07.20"]
[PlyCount "74"]

1.d4 Nf6 2.c4 c5 3.d5 e6 4.Nc3 exd5 5.cxd5 d6 6.e4 g6 7.Nge2 Bg7 8.Ng3 O-O
9.Be2 b6 10.O-O Ba6 11.Bf4 Bxe2 12.Qxe2 a6 13.a4 Re8 14.f3 Qe7 15.Qd2 Nbd7
16.Rab1 Rab8 17.Rbc1 b5 18.axb5 axb5 19.b4 c4 20.Nh1 Ne5 21.Nf2 Nh5 22.Be3
Rf8 23.f4 Nd7 24.Ne2 f5 25.exf5 gxf5 26.Nd4 Bxd4 27.Bxd4 Ndf6 28.Bc3 Qf7 
29.Rcd1 Ra8 30.Qd4 Qa7 31.g3 Qxd4 32.Rxd4 Rfe8 33.Rd2 Ra3 34.Bd4 Kf7 35.
Ra1 Rxa1+ 36.Bxa1 Re1+ 37.Kg2 Rxa1 0-1

[Event "EU-chT Seniors 15th"]
[Site "Dresden"]
[Date "2013.07.23"]
[Round "4"]
[White "Hentzschel, Erhard"]
[Black "Wademark, Helge"]
[Result "0-1"]
[WhiteElo "1903"]
[BlackElo "2080"]
[EventDate "2013.07.20"]
[PlyCount "122"]

1.e4 e6 2.d4 d5 3.Bd3 Nf6 4.Bg5 dxe4 5.Bxe4 Be7 6.Bxf6 Bxf6 7.c3 O-O 8.Nf3
Nd7 9.O-O e5 10.Qc2 h6 11.Rd1 exd4 12.cxd4 Nb6 13.Nc3 c6 14.h3 Be6 15.Bf5 
Re8 16.Bxe6 Rxe6 17.Ne4 Qd5 18.Nxf6+ Rxf6 19.Qc5 Rd8 20.Qxd5 Nxd5 21.Rd2 
Nf4 22.Kh2 Rfd6 23.Rad1 Rd5 24.g3 Ne6 25.Kg2 Kf8 26.Kf1 Ng5 27.Nxg5 hxg5 
28.Ke2 Ke7 29.Ke3 Rh8 30.Rh1 Kd7 31.Kd3 Rd6 32.f3 Rf6 33.Ke3 Kd6 34.g4 Kd5
35.Kf2 Re6 36.Kg3 f6 37.Rc1 Re3 38.Rc5+ Kd6 39.Rcc2 Rhe8 40.Kf2 Re1 41.Kg2
Ra1 42.b3 Ree1 43.Kg3 Rg1+ 44.Kh2 Rh1+ 45.Kg3 Rag1+ 46.Kf2 Ra1 47.Kg2 b6 
48.Kg3 Kd5 49.Kg2 Rhg1+ 50.Kf2 Rac1 51.Rb2 Rc3 52.Rbc2 Rxc2 53.Rxc2 Rd1 
54.Kg2 Rxd4 55.Kf2 b5 56.Ke3 Rd1 57.Rh2 Rb1 58.Rd2+ Ke6 59.Rh2 c5 60.Ke4 
a6 61.Ke3 Kd6 0-1

[Event "EU-chT Seniors 15th"]
[Site "Dresden"]
[Date "2013.07.23"]
[Round "4"]
[White "Perk, Egbert"]
[Black "Nordstrom, Felix"]
[Result "0-1"]
[WhiteElo "2008"]
[BlackElo "2116"]
[EventDate "2013.07.20"]
[PlyCount "66"]

1.d4 Nf6 2.Nf3 d5 3.g3 Bf5 4.Bg2 c6 5.O-O Nbd7 6.b3 e6 7.Bb2 h6 8.Nbd2 Be7
9.c4 O-O 10.a4 Ne4 11.Ne1 Ndf6 12.Nxe4 Bxe4 13.f3 Bh7 14.Nd3 Qc7 15.Ba3 
Bxa3 16.Rxa3 dxc4 17.bxc4 Qd6 18.Qa1 Rfd8 19.e3 Bxd3 20.Rxd3 c5 21.Rfd1 
cxd4 22.exd4 Qa6 23.c5 Nd5 24.Qa3 Qa5 25.Rb3 b6 26.f4 Rac8 27.Bxd5 Rxd5 
28.Rb5 bxc5 29.dxc5 Rcxc5 30.Rxc5 Rxc5 31.Kf2 Rc8 32.Rd3 Rc2+ 33.Ke3 Qc7 
0-1

[Event "EU-chT Seniors 15th"]
[Site "Dresden"]
[Date "2013.07.24"]
[Round "5"]
[White "Kolbak, Jens"]
[Black "Fatalibekova, Elena"]
[Result "1/2-1/2"]
[WhiteElo "2280"]
[BlackElo "2272"]
[EventDate "2013.07.20"]
[PlyCount "70"]

1.d4 Nf6 2.c4 e6 3.Nc3 Bb4 4.e3 O-O 5.Ne2 d5 6.a3 Be7 7.cxd5 exd5 8.g3 Bg4
9.Bg2 Qd7 10.h3 Bxe2 11.Qxe2 a5 12.O-O a4 13.Bd2 Nc6 14.Rad1 Na5 15.e4 
dxe4 16.Nxe4 Nxe4 17.Qxe4 c6 18.Bc3 Bf6 19.Qc2 Nb3 20.d5 c5 21.Bxf6 gxf6 
22.d6 Ra6 23.Qc4 Rxd6 24.Rxd6 Qxd6 25.Qxa4 Nd4 26.Qd1 f5 27.Re1 Qd7 28.Qd3
f6 29.Kh2 Qd6 30.Qd1 Kf7 31.Qd3 Kg7 32.b4 b6 33.bxc5 f4 34.Re4 Rb8 35.Kh1 
Rb7 1/2-1/2

[Event "EU-chT Seniors 15th"]
[Site "Dresden"]
[Date "2013.07.24"]
[Round "5"]
[White "Birnboim, Nathan"]
[Black "Mishuchkov, Nikolai M"]
[Result "1/2-1/2"]
[WhiteElo "2356"]
[BlackElo "2359"]
[EventDate "2013.07.20"]
[PlyCount "104"]

1.e4 c5 2.Nf3 e6 3.Be2 Nc6 4.O-O Nf6 5.Nc3 Qb6 6.Re1 d6 7.a3 Be7 8.Rb1 O-O
9.Bf1 Nd4 10.b4 Qd8 11.bxc5 dxc5 12.e5 Nd5 13.Nxd4 cxd4 14.Nb5 Nc7 15.Nxc7
Qxc7 16.Rb3 f5 17.Bb2 Rd8 18.Rh3 g6 19.Bd3 b6 20.Qa1 Bb7 21.a4 Bg5 22.Re2 
Qc6 23.Rg3 Bf4 24.Rf3 Bh6 25.Qa2 Rac8 26.Ba3 Qd5 27.Qxd5 Bxd5 28.Rh3 Bg5 
29.Bd6 Bc4 30.c3 Rd7 31.Kf1 Be7 32.Bxe7 Rxe7 33.cxd4 Rd7 34.Bxc4 Rxc4 35.
Ra3 Rdxd4 36.a5 b5 37.d3 b4 38.Rb3 Rc1+ 39.Re1 Rxe1+ 40.Kxe1 Kf7 41.Kd2 f4
42.Rb1 Ke7 43.Rc1 Kd7 44.Rc5 a6 45.Rc4 Rxc4 46.dxc4 Kc6 47.Kc2 Kc5 48.Kb3 
g5 49.h3 h5 50.g4 hxg4 51.hxg4 f3 52.Ka4 Kxc4 1/2-1/2

[Event "EU-chT Seniors 15th"]
[Site "Dresden"]
[Date "2013.07.24"]
[Round "5"]
[White "Gofshtein, Leonid"]
[Black "Vasiukov, Evgeny"]
[Result "1-0"]
[WhiteElo "2460"]
[BlackElo "2461"]
[EventDate "2013.07.20"]
[PlyCount "68"]

1.d4 f5 2.c4 Nf6 3.Nc3 d6 4.Bg5 Nbd7 5.Qc2 g6 6.e4 Nxe4 7.Nxe4 fxe4 8.Qxe4
Bg7 9.Nf3 c5 10.O-O-O Nf6 11.Qc2 Qa5 12.Kb1 O-O 13.dxc5 Qxc5 14.Be3 Qc7 
15.Bd3 Bg4 16.Rc1 Bxf3 17.gxf3 e6 18.h4 Qf7 19.Rcg1 Nh5 20.Rg4 Rac8 21.Qd2
a6 22.Rhg1 Qxf3 23.Be2 Qf5+ 24.Ka1 Qf6 25.Rd4 Rc6 26.Bxh5 gxh5 27.Rf4 Qd8 
28.Re4 Rf6 29.Bg5 Qf8 30.Bxf6 Qxf6 31.Rf4 Qe7 32.Qe2 Kh8 33.Qxh5 d5 34.
Rxg7 Kxg7 1-0

[Event "EU-chT Seniors 15th"]
[Site "Dresden"]
[Date "2013.07.24"]
[Round "5"]
[White "Zhelnin, Vladimir"]
[Black "Maryasin, Boris"]
[Result "1-0"]
[WhiteElo "2459"]
[BlackElo "2335"]
[EventDate "2013.07.20"]
[PlyCount "133"]

1.e4 c5 2.Nf3 d6 3.d4 cxd4 4.Nxd4 Nf6 5.Nc3 a6 6.Be2 e5 7.Nf3 Be7 8.O-O 
O-O 9.a4 Qc7 10.Re1 b6 11.Bg5 Nbd7 12.Nd2 Bb7 13.Nf1 h6 14.Bxf6 Nxf6 15.
Bf3 Qc5 16.Qd3 Rac8 17.Ne3 Rfd8 18.h3 Bf8 19.Red1 g6 20.Ra3 h5 21.Rb3 Bh6 
22.Ned5 Nxd5 23.Nxd5 Bxd5 24.Qxd5 Qxc2 25.Rxb6 Qxa4 26.Rb7 Qc4 27.Qxc4 
Rxc4 28.b3 Rc2 29.Kf1 Bc1 30.Be2 Ba3 31.Bc4 Rf8 32.Rd3 Rc1+ 33.Ke2 Rc2+ 
34.Ke1 Rc1+ 35.Kd2 Rg1 36.g3 h4 37.b4 Bc1+ 38.Ke2 hxg3 39.fxg3 Rg2+ 40.Kf1
Rc2 41.Bb3 Rb2 42.Rf3 Kh8 43.Rfxf7 Rxf7+ 44.Bxf7 a5 45.Bxg6 Be3 46.Bf7 
Rxb4 47.Rxb4 axb4 48.Ke2 Bc1 49.h4 Kg7 50.Bd5 Kg6 51.Kf3 Bd2 52.Kg4 Be3 
53.Kh3 Bb6 54.g4 Bd8 55.g5 Be7 56.Kg4 Bd8 57.h5+ Kg7 58.Kf5 Kh7 59.h6 Be7 
60.Bf7 Bd8 61.Kg4 d5 62.exd5 b3 63.Kh5 Kh8 64.Bg6 b2 65.Be4 Be7 66.g6 Kg8 
67.Kg4 1-0